Into the volcano : (Record no. 5507)

MARC details
000 -LEADER
fixed length control field 00926nam a22002897a 4500
001 - CONTROL NUMBER
control field 5507
003 - CONTROL NUMBER IDENTIFIER
control field FISKH
005 - DATE AND TIME OF LATEST TRANSACTION
control field 20250814143701.0
008 - FIXED-LENGTH DATA ELEMENTS--GENERAL INFORMATION
fixed length control field 241213b cb ||||| |||| 00| 0 eng d
020 ## - INTERNATIONAL STANDARD BOOK NUMBER
International Standard Book Number 9780545600286
040 ## - CATALOGING SOURCE
Original cataloging agency FISKH
Language of cataloging eng
Transcribing agency FISKH
Modifying agency FISKH
050 ## - LIBRARY OF CONGRESS CALL NUMBER
Classification number QE521.D65
082 ## - DEWEY DECIMAL CLASSIFICATION NUMBER
Classification number 551.21
100 ## - MAIN ENTRY--PERSONAL NAME
Personal name O'Meara , Donna
245 ## - TITLE STATEMENT
Title Into the volcano :
Remainder of title a volcano researcher at work /
Statement of responsibility, etc. by Donna O'Meara
260 ## - PUBLICATION, DISTRIBUTION, ETC.
Place of publication, distribution, etc. New York :
Name of publisher, distributor, etc. Scholastic ;
Date of publication, distribution, etc. 2005 .
300 ## - PHYSICAL DESCRIPTION
Extent 56 pages :
Other physical details color illustrations ;
Dimensions 23 cm .
505 ## - FORMATTED CONTENTS NOTE
Formatted contents note Z <br/>
520 ## - SUMMARY, ETC.
Summary, etc. Get up close and personal with some of the world's most dangerous volcanoes through the eyes of volcano researcher Donna O'Meara.
521 8# - TARGET AUDIENCE NOTE
Target audience note 960 <br/>
Source Lexile <br/>
521 8# - TARGET AUDIENCE NOTE
Target audience note Z <br/>
Source Raz-Plus <br/>
650 ## - SUBJECT ADDED ENTRY--TOPICAL TERM
Topical term or geographic name entry element young adult
Form subdivision Non-fiction
650 ## - SUBJECT ADDED ENTRY--TOPICAL TERM
Topical term or geographic name entry element volcano
Form subdivision Non-fiction
700 ## - ADDED ENTRY--PERSONAL NAME
Personal name Naimska, Julia
Relator term designer
942 ## - ADDED ENTRY ELEMENTS (KOHA)
Source of classification or shelving scheme Dewey Decimal Classification
Koha item type Books
Suppress in OPAC No
Holdings
Withdrawn status Lost status Source of classification or shelving scheme Damaged status Not for loan Collection Home library Current library Shelving location Date acquired Total Checkouts Full call number Barcode Date last seen Price effective from Koha item type Copy number
    Dewey Decimal Classification     Non-Fiction Footprints International School Library Network Toul Tom Poung Campus Footprints International School Library Network Toul Tom Poung Campus TTP Secondary Non-Fiction Bookshelves 12/13/2024   O'ME 551.21 QE521.D65 FISSE01294 12/13/2024 12/13/2024 Books  
    Dewey Decimal Classification     Non-Fiction Footprints International School Library Network Toul Tom Poung Campus Footprints International School Library Network Toul Tom Poung Campus TTP Secondary Non-Fiction Bookshelves 08/14/2025   O'ME 551.21 QE521.D65 FISTK04884 08/14/2025 08/14/2025 Books 2